| 000 | 00330nam a2200121Ia 4500 | ||
|---|---|---|---|
| 008 | 231129s1968||||xx |||||||||||||| ||spa|| | ||
| 082 | _aHAJ- 0503 | ||
| 100 | _aSprott W. J. H. | ||
| 245 | 0 | _aLa sociedad y la formación de la personalidad del ñiño | |
| 260 | _c1968 | ||
| 264 | _aBuenos Aires: Paidos 1968 | ||
| 942 |
_2ddc _cBKS |
||
| 999 |
_c18243 _d18243 |
||